|
|
|
|
| LEADER |
00000nab a2200000 a 4500 |
| 001 |
vtls000742371 |
| 003 |
SK-MaSNL |
| 005 |
20260302193651.0 |
| 008 |
180206c2000 xo 0 slo |
| 015 |
|
|
|a SNBRB2001/01-01331
|
| 035 |
|
|
|a CLN000094210
|
| 040 |
|
|
|a SNKBUCL
|b slo
|c SNKBUCL
|e AACR2
|
| 041 |
0 |
|
|a slo
|
| 044 |
|
|
|a xo
|c SK
|
| 080 |
|
|
|a 352/354(437.6):654.93:681.3
|2 UDC-MRF-SK2
|
| 080 |
|
|
|a 654.93:681.3
|2 UDC-MRF-SK2
|
| 080 |
|
|
|a 681.3
|2 UDC-MRF-SK2
|
| 100 |
1 |
|
|a Sabol, Tomáš,
|d 1957-
|4 aut
|
| 245 |
1 |
0 |
|a Webocracy - internet vo verejnej správe
|b najnovšie trendy aplikácie moderných komunikačných technológií
|c Tomáš Sabol, Dagmar Amrichová
|
| 300 |
|
|
|b Fotogr.
|
| 650 |
0 |
7 |
|a správa verejná
|x Internet
|x využitie
|2 snkbucl
|9 912672
|
| 650 |
0 |
7 |
|a internet
|2 snkbucl
|9 1833
|
| 655 |
|
7 |
|a články z novín a časopisov
|2 snkbucl
|9 267496
|
| 700 |
1 |
|
|a Amrichová, Dagmar
|4 aut
|9 800215
|
| 773 |
0 |
|
|t Verejná správa
|g Roč. 55, č. 25 (2000), s. 20-21
|
| 850 |
|
|
|a Slovenská národná knižnica v Martine
|
| 852 |
|
|
|a SNK
|b KIS3GCP
|
| 958 |
|
|
|a RBX
|
| 999 |
|
|
|c 1445461
|d 1447391
|